[Event "Oberliga Nord N 2324"]
[Site "Germany"]
[Date "2024.03.17"]
[Round "7.5"]
[White "Schulz, Karsten"]
[Black "Breyther, Ruediger"]
[Result "1/2-1/2"]
[WhiteElo "2247"]
[BlackElo "2253"]
[PlyCount "161"]
[EventDate "2023.10.22"]
[EventType "team-tourn"]
[EventRounds "9"]
[EventCountry "GER"]
[SourceTitle "EXT 2025"]
[Source "ChessBase"]
[SourceDate "2024.10.14"]
[SourceVersion "1"]
[SourceVersionDate "2024.10.14"]
[SourceQuality "1"]
[WhiteTeam "Schwerin"]
[BlackTeam "St Pauli"]
[WhiteTeamCountry "GER"]
[BlackTeamCountry "GER"]

1. d4 Nf6 2. Nf3 e6 3. e3 b6 4. Bd3 Bb7 5. 0-0 Be7 6. c4 0-0 7. Nc3 d5 8. b3 Nbd7 9. Bb2 c5 10. Qe2 Re8 11. Rfd1 Qb8 12. Rac1 a6 13. cxd5 exd5 14. Bf5 cxd4 15. Nxd4 g6 16. Bh3 Nc5 17. b4 Ncd7 18. a3 Ne5 19. g3 Nc4 20. Bg2 b5 21. Nb3 d4 22. Rxd4 Bxg2 23. Kxg2 Qb7+ 24. e4 Rac8 25. Ba1 Nxa3 26. Na5 Qa8 27. Qf3 Nc4 28. Nxc4 Rxc4 29. Rxc4 bxc4 30. Nd5 Nxd5 31. exd5 Bxb4 32. Rxc4 Qb7 33. Rc6 Qd7 34. Rxa6 Bf8 35. Bd4 Rd8 36. Bf6 Re8 37. Ra1 Bg7 38. Rd1 Bxf6 39. Qxf6 h5 40. Qc6 Qe7 41. d6 Qe6 42. Rd3 Rd8 43. h4 Rd7 44. Rd1 Kg7 45. Qc3+ Qf6 46. Qd3 Qe5 47. Rd2 Qe6 48. Qd4+ Qf6 49. Qd5 Kg8 50. Rd3 Kg7 51. Rd4 Kg8 52. Qc5 Kg7 53. Rd5 Qe6 54. Qd4+ Qf6 55. Qd3 Qe6 56. Kf3 Qf6+ 57. Kg2 Qe6 58. Qd2 Qe4+ 59. Kh2 Qe6 60. Rd4 Qf6 61. Kg1 Qe6 62. Qc3 Qf6 63. Qc5 Qe6 64. Rd1 Qf6 65. Rd4 Qe6 66. Kg2 Qf6 67. f4 Qf5 68. Qe5+ Kh7 69. Rc4 Rd8 70. Rc7 Kg8 71. Re7 Qc2+ 72. Kh3 Qd1 73. Re8+ Rxe8 74. Qxe8+ Kg7 75. Qe5+ Kh7 76. Kg2 Qd2+ 77. Kf1 Qd1+ 78. Kf2 Qd2+ 79. Kf1 Qd1+ 80. Kf2 Qd2+ 81. Kf1 1/2-1/2

[Event "Oberliga Nord N 2324"]
[Site "Germany"]
[Date "2024.02.04"]
[Round "5.3"]
[White "Callsen, Niklas"]
[Black "Breyther, Ruediger"]
[Result "1-0"]
[WhiteElo "2189"]
[BlackElo "2253"]
[PlyCount "51"]
[EventDate "2023.10.22"]
[EventType "team-tourn"]
[EventRounds "9"]
[EventCountry "GER"]
[SourceTitle "EXT 2025"]
[Source "ChessBase"]
[SourceDate "2024.10.14"]
[SourceVersion "1"]
[SourceVersionDate "2024.10.14"]
[SourceQuality "1"]
[WhiteTeam "Kiel Turm III"]
[BlackTeam "St Pauli"]
[WhiteTeamCountry "GER"]
[BlackTeamCountry "GER"]

1. e4 c5 2. Nf3 e6 3. d4 cxd4 4. Nxd4 Nc6 5. Nc3 Qc7 6. Be3 a6 7. Qf3 Nf6 8. 0-0-0 Ne5 9. Qg3 b5 10. a3 Bb7 11. Bxb5 Rc8 12. Ba4 Be7 13. Bf4 Nh5 14. Bxe5 Nxg3 15. Bxc7 Nxh1 16. Nxe6 fxe6 17. Bxd7+ Kf7 18. Bxc8 Rxc8 19. Bb6 Bxa3 20. bxa3 Rxc3 21. Rd7+ Kg6 22. Rxb7 Rxa3 23. Bd4 e5 24. Ba7 Ra4 25. f3 h5 26. Rb1 1-0

[Event "Oberliga Nord N 2223"]
[Site "Germany"]
[Date "2023.05.07"]
[Round "9.4"]
[White "Breyther, Ruediger"]
[Black "Hinrichs, Lars"]
[Result "1-0"]
[WhiteElo "2254"]
[BlackElo "2254"]
[PlyCount "117"]
[EventDate "2022.10.23"]
[EventType "team-tourn"]
[EventRounds "9"]
[EventCountry "GER"]
[SourceTitle "EXT 2025"]
[Source "ChessBase"]
[SourceDate "2024.10.14"]
[SourceVersion "1"]
[SourceVersionDate "2024.10.14"]
[SourceQuality "1"]
[WhiteTeam "St Pauli II"]
[BlackTeam "Hamburger SK III"]
[WhiteTeamCountry "GER"]
[BlackTeamCountry "GER"]

1. e4 d6 2. d4 Nf6 3. Nc3 e5 4. Nf3 Nbd7 5. Bc4 Be7 6. 0-0 0-0 7. Re1 a6 8. a4 b6 9. b3 Bb7 10. Bb2 c6 11. Bd3 Qc7 12. Ne2 Rfe8 13. Ng3 Bf8 14. c4 g6 15. c5 dxc5 16. dxe5 Ng4 17. e6 fxe6 18. e5 Bg7 19. Qe2 b5 20. a5 Rad8 21. Bc2 Bc8 22. h4 Nh6 23. h5 Nf5 24. hxg6 hxg6 25. Bc1 Rf8 26. Bg5 Rde8 27. Qe4 Rf7 28. Nf1 Nf8 29. N1h2 Nd4 30. Nxd4 cxd4 31. Qxd4 c5 32. Qe3 Bb7 33. Ng4 Qc6 34. f3 Rd7 35. Nf6+ Bxf6 36. Bxf6 Rh7 37. Qg5 Kf7 38. Bd8 c4 39. b4 Qd7 40. Rad1 Bd5 41. Bf6 Qa7+ 42. Re3 Rh5 43. Qf4 Kg8 44. Kf2 Qh7 45. Qg3 Kf7 46. Rd4 Nd7 47. Rf4 Rg8 48. Bh4+ Ke8 49. Rg4 Nf8 50. Bf6 Rh1 51. Rh4 Rxh4 52. Bxh4 Qh5 53. Bf6 Nd7 54. Bg5 Nb8 55. Be4 Bxe4 56. Rxe4 Qh7 57. Qg4 Qa7+ 58. Kg3 Kf7 59. Rf4+ 1-0

[Event "Oberliga Nord N 2223"]
[Site "Germany"]
[Date "2022.10.23"]
[Round "1.5"]
[White "Breyther, Ruediger"]
[Black "Krause, Ullrich"]
[Result "1-0"]
[WhiteElo "2254"]
[BlackElo "2200"]
[PlyCount "97"]
[EventDate "2022.10.23"]
[EventType "team-tourn"]
[EventRounds "9"]
[EventCountry "GER"]
[SourceTitle "EXT 2025"]
[Source "ChessBase"]
[SourceDate "2024.10.14"]
[SourceVersion "1"]
[SourceVersionDate "2024.10.14"]
[SourceQuality "1"]
[WhiteTeam "St Pauli II"]
[BlackTeam "Luebeck"]
[WhiteTeamCountry "GER"]
[BlackTeamCountry "GER"]

1. e4 e6 2. d4 d5 3. Nd2 Nf6 4. e5 Nfd7 5. Bd3 c5 6. c3 Nc6 7. Ne2 cxd4 8. cxd4 Nb6 9. 0-0 Bd7 10. Nf3 Be7 11. Nf4 g6 12. Re1 a5 13. a3 a4 14. Bc2 Na5 15. Nd3 Nac4 16. Bh6 Bc6 17. h3 Nd7 18. Rb1 Qb6 19. Qc1 Bf8 20. Bxf8 Kxf8 21. Qh6+ Kg8 22. Nf4 Qd8 23. Red1 Qf8 24. Qg5 h6 25. Qg3 Qg7 26. h4 Re8 27. Nh2 Kf8 28. Ng4 Ke7 29. Qc3 Kd8 30. Ne3 Ndb6 31. Bd3 Kc7 32. Bxc4 Nxc4 33. Nxc4 dxc4 34. Qxc4 Kb8 35. Nd3 g5 36. h5 g4 37. Nb4 Bf3 38. Rdc1 Rc8 39. Qb5 Qg5 40. Na6+ Ka7 41. Nc7 Rxc7 42. Qa5+ Kb8 43. Qxc7+ Ka8 44. Rc4 Be2 45. Rxa4+ Ba6 46. g3 Qxh5 47. Rc1 Qf5 48. Rxa6+ bxa6 49. Qb6 1-0

[Event "Hamburg-chT Landesliga 2122"]
[Site "Hamburg"]
[Date "2022.04.03"]
[Round "8.4"]
[White "Egelriede, Nikolas"]
[Black "Breyther, Ruediger"]
[Result "0-1"]
[WhiteElo "1855"]
[BlackElo "2249"]
[PlyCount "62"]
[EventDate "2021.10.31"]
[EventType "team-tourn"]
[EventRounds "9"]
[EventCountry "GER"]
[SourceTitle "EXT 2023"]
[Source "ChessBase"]
[SourceDate "2022.10.05"]
[SourceVersion "1"]
[SourceVersionDate "2022.10.05"]
[SourceQuality "1"]
[WhiteTeam "Fischbek"]
[BlackTeam "St Pauli II"]
[WhiteTeamCountry "GER"]
[BlackTeamCountry "GER"]

1. e4 c6 2. c4 d5 3. cxd5 cxd5 4. exd5 Nf6 5. d4 Nxd5 6. Nc3 Nc6 7. Nf3 a6 8. h3 g6 9. Bc4 Be6 10. Qe2 Bg7 11. 0-0 0-0 12. Rd1 Nxc3 13. bxc3 Bxc4 14. Qxc4 Rc8 15. Qd3 Na5 16. Bf4 Qd5 17. Re1 e6 18. Nd2 Nc4 19. Nb3 Nb2 20. Qd2 Na4 21. Rac1 b5 22. Be3 Rfd8 23. f4 Rd7 24. Rc2 Rdc7 25. Rec1 Bf8 26. Qd3 Ba3 27. Re1 Rxc3 28. Rxc3 Rxc3 29. Qe2 Rc4 30. Nd2 Rc2 31. Qg4 Bb4 0-1

[Event "Oberliga Nord N 1819"]
[Site "Germany"]
[Date "2019.04.07"]
[Round "9.4"]
[White "Woelk, Tom Frederic"]
[Black "Breyther, Ruediger"]
[Result "1/2-1/2"]
[WhiteElo "2287"]
[BlackElo "2242"]
[PlyCount "74"]
[EventDate "2018.10.21"]
[EventType "team-tourn"]
[EventRounds "9"]
[EventCountry "GER"]
[SourceTitle "EXT 2020"]
[Source "ChessBase"]
[SourceDate "2019.10.17"]
[SourceVersion "1"]
[SourceVersionDate "2019.10.17"]
[SourceQuality "1"]
[WhiteTeam "Hamburger SK III"]
[BlackTeam "St Pauli II"]
[WhiteTeamCountry "GER"]
[BlackTeamCountry "GER"]

1. e4 c5 2. Nf3 e6 3. Nc3 Nc6 4. d4 cxd4 5. Nxd4 Qc7 6. g3 a6 7. Bg2 Nf6 8. 0-0 Nxd4 9. Qxd4 Bc5 10. Qd3 Ng4 11. Qe2 h5 12. Kh1 b5 13. f3 Ne5 14. Bf4 d6 15. Rad1 Bb7 16. a3 Rc8 17. Na2 Qe7 18. Rfe1 g5 19. Bxe5 dxe5 20. c3 h4 21. g4 0-0 22. Rd3 Rfd8 23. Red1 Bb6 24. Nb4 f6 25. h3 Rxd3 26. Qxd3 Rd8 27. Qe2 Rxd1+ 28. Qxd1 Qc5 29. Qe1 Kf8 30. Nd3 Qd6 31. Nf2 Ke7 32. Bf1 Ba7 33. Kg2 Qb6 34. Bd3 Bc6 35. Qe2 Bd7 36. Qd2 Qd6 37. Qe2 Qb6 1/2-1/2

[Event "Oberliga Nord N 1516"]
[Site "Germany"]
[Date "2015.09.20"]
[Round "1.3"]
[White "Breyther, Ruediger"]
[Black "Schroeder, Christoph"]
[Result "1/2-1/2"]
[WhiteElo "2288"]
[BlackElo "2227"]
[PlyCount "48"]
[EventDate "2015.09.20"]
[EventType "team-tourn"]
[EventRounds "9"]
[EventCountry "GER"]
[SourceTitle "CBM 170 Extra"]
[Source "ChessBase"]
[SourceDate "2016.02.25"]
[SourceVersion "1"]
[SourceVersionDate "2016.02.25"]
[SourceQuality "1"]
[WhiteTeam "St Pauli"]
[BlackTeam "Eppendorf Johanneum"]
[WhiteTeamCountry "GER"]
[BlackTeamCountry "GER"]

1. e4 c5 2. Nf3 d6 3. d4 cxd4 4. Nxd4 Nf6 5. Nc3 g6 6. Be3 Bg7 7. f3 Nc6 8. Qd2 0-0 9. 0-0-0 d5 10. Qe1 e5 11. Nxc6 bxc6 12. exd5 Nxd5 13. Bc4 Be6 14. Ne4 f5 15. Ng5 Qf6 16. Nxe6 Qxe6 17. Qa5 Rfd8 18. Rhe1 Rd7 19. f4 e4 20. Bd4 Rad8 21. g3 Qd6 22. c3 Qc7 23. Qa6 Qb7 24. Qa5 Qc7 1/2-1/2

[Event "Hamburg St Pauli op-A"]
[Site "Hamburg"]
[Date "2014.07.22"]
[Round "4"]
[White "Breyther, Ruediger"]
[Black "Jacoby, Gisbert"]
[Result "0-1"]
[WhiteElo "2335"]
[BlackElo "2166"]
[PlyCount "74"]
[EventDate "2014.07.19"]
[EventType "swiss"]
[EventRounds "9"]
[EventCountry "GER"]
[SourceTitle "CBM 161 Extra"]
[Source "ChessBase"]
[SourceDate "2014.08.29"]
[SourceVersion "1"]
[SourceVersionDate "2014.08.29"]
[SourceQuality "1"]

1. e4 e5 2. Nf3 Nc6 3. Bb5 a6 4. Ba4 Nf6 5. 0-0 Be7 6. Re1 b5 7. Bb3 d6 8. c3 0-0 9. d3 Na5 10. Bc2 c5 11. Nbd2 Re8 12. Nf1 Bf8 13. Bg5 h6 14. Bh4 Be7 15. Ne3 Nh7 16. Bg3 Ng5 17. a3 Be6 18. b4 Nc6 19. bxc5 Nxf3+ 20. Qxf3 dxc5 21. Nd5 Bf8 22. Bb3 Rc8 23. Qd1 f6 24. Ba2 Na5 25. c4 Nc6 26. f3 Bd6 27. cxb5 axb5 28. Ne3 Nd4 29. Bxe6+ Rxe6 30. a4 c4 31. axb5 c3 32. Qa4 Re8 33. Nc4 Bc5 34. Kf1 Ra8 35. Qxa8 Qxa8 36. Rxa8 Rxa8 37. Rc1 Nxb5 0-1

[Event "Hamburg St Pauli op-A"]
[Site "Hamburg"]
[Date "2014.07.21"]
[Round "3"]
[White "Lenaerts, Lennert"]
[Black "Breyther, Ruediger"]
[Result "1-0"]
[WhiteElo "2170"]
[BlackElo "2335"]
[PlyCount "47"]
[EventDate "2014.07.19"]
[EventType "swiss"]
[EventRounds "9"]
[EventCountry "GER"]
[SourceTitle "CBM 161 Extra"]
[Source "ChessBase"]
[SourceDate "2014.08.29"]
[SourceVersion "1"]
[SourceVersionDate "2014.08.29"]
[SourceQuality "1"]

1. d4 Nf6 2. c4 e6 3. Nc3 Bb4 4. Qc2 0-0 5. a3 Bxc3+ 6. Qxc3 b6 7. Bg5 Bb7 8. f3 d6 9. Nh3 h6 10. Bh4 Nbd7 11. e4 c5 12. dxc5 bxc5 13. 0-0-0 Nxe4 14. Qe1 Nef6 15. Rxd6 Qc7 16. Qd2 Rad8 17. Be2 Ne5 18. Rd1 Nc6 19. Bxf6 Rxd6 20. Qxd6 Qxd6 21. Rxd6 gxf6 22. Rd7 Ba6 23. Nf2 f5 24. Rc7 1-0

[Event "Oberliga Nord N 1314"]
[Site "Germany"]
[Date "2014.04.06"]
[Round "9.2"]
[White "Breyther, Ruediger"]
[Black "Ritscher, Jan Paul"]
[Result "1-0"]
[WhiteElo "2320"]
[BlackElo "2322"]
[PlyCount "97"]
[EventDate "2013.10.13"]
[EventType "team-tourn"]
[EventRounds "9"]
[EventCountry "GER"]
[SourceTitle "EXT 2015"]
[Source "ChessBase"]
[SourceDate "2014.11.20"]
[SourceVersion "1"]
[SourceVersionDate "2014.11.20"]
[SourceQuality "1"]
[WhiteTeam "St Pauli"]
[BlackTeam "Hamburg SF"]
[WhiteTeamCountry "GER"]
[BlackTeamCountry "GER"]

1. e4 Nf6 2. e5 Nd5 3. d4 d6 4. Nf3 dxe5 5. Nxe5 c6 6. Bc4 Nd7 7. Nf3 N7f6 8. h3 g6 9. 0-0 Bg7 10. Re1 0-0 11. Bb3 Bf5 12. Nbd2 Qc7 13. Nf1 Rad8 14. Ng3 Bc8 15. c4 Nb6 16. a4 Rfe8 17. a5 Nbd7 18. Qe2 Nf8 19. Be3 Bf5 20. d5 Ra8 21. Qd2 Qc8 22. Bh6 Bh8 23. a6 Bd7 24. Ne5 c5 25. Nxd7 N6xd7 26. Ba4 bxa6 27. Rad1 Rb8 28. b3 Bd4 29. Qf4 e5 30. Qg4 f5 31. Nxf5 Nf6 32. Bxe8 Bxf2+ 33. Kh1 Nxg4 34. Ne7+ Kh8 35. Nxc8 Bxe1 36. hxg4 Rxc8 37. Bxf8 Bb4 38. Be7 Rxe8 39. d6 Ba5 40. Bf6+ Kg8 41. d7 Re6 42. d8Q+ Bxd8 43. Rxd8+ Kf7 44. g5 Rb6 45. Rd7+ Ke6 46. Rxh7 Rxb3 47. g4 Rg3 48. Re7+ Kd6 49. Bxe5+ 1-0

[Event "Oberliga Nord N 1314"]
[Site "Germany"]
[Date "2014.02.23"]
[Round "7.1"]
[White "Hoi, Carsten"]
[Black "Breyther, Ruediger"]
[Result "1/2-1/2"]
[WhiteElo "2393"]
[BlackElo "2320"]
[PlyCount "81"]
[EventDate "2013.10.13"]
[EventType "team-tourn"]
[EventRounds "9"]
[EventCountry "GER"]
[SourceTitle "EXT 2015"]
[Source "ChessBase"]
[SourceDate "2014.11.20"]
[SourceVersion "1"]
[SourceVersionDate "2014.11.20"]
[SourceQuality "1"]
[WhiteTeam "Kiel Turm"]
[BlackTeam "St Pauli"]
[WhiteTeamCountry "GER"]
[BlackTeamCountry "GER"]

1. d4 Nf6 2. c4 e6 3. Nc3 Bb4 4. e3 0-0 5. Nge2 d5 6. a3 Bd6 7. Ng3 Re8 8. Be2 c6 9. 0-0 e5 10. cxd5 exd4 11. exd4 Nxd5 12. Bc4 Be6 13. Bxd5 cxd5 14. Nb5 Nc6 15. Nxd6 Qxd6 16. Be3 Rac8 17. Qd2 Qd7 18. Nh5 Bg4 19. Nf4 Bf5 20. Rac1 Ne7 21. f3 Rxc1 22. Rxc1 Rc8 23. g4 Bg6 24. Kf2 Rxc1 25. Qxc1 Qc6 26. Qc5 Qxc5 27. dxc5 Bc2 28. b4 a6 29. Bd4 Nc6 30. Ke3 Bb3 31. h4 g6 32. Bf6 Kf8 33. h5 Na7 34. Bb2 Ke7 35. h6 Nb5 36. Ne2 Bd1 37. Nd4 Nxd4 38. Bxd4 f6 39. Bb2 Ke6 40. Kf4 Bc2 41. Bd4 1/2-1/2

[Event "Oberliga Nord N 1314"]
[Site "Germany"]
[Date "2013.11.24"]
[Round "3.1"]
[White "Breyther, Ruediger"]
[Black "Pedersen, Steffen"]
[Result "0-1"]
[WhiteElo "2320"]
[BlackElo "2425"]
[PlyCount "82"]
[EventDate "2013.10.13"]
[EventType "team-tourn"]
[EventRounds "9"]
[EventCountry "GER"]
[SourceTitle "EXT 2015"]
[Source "ChessBase"]
[SourceDate "2014.11.20"]
[SourceVersion "1"]
[SourceVersionDate "2014.11.20"]
[SourceQuality "1"]
[WhiteTeam "St Pauli"]
[BlackTeam "Preetz"]
[WhiteTeamCountry "GER"]
[BlackTeamCountry "GER"]

1. e4 e5 2. Nf3 Nc6 3. Bb5 a6 4. Ba4 Nge7 5. 0-0 g6 6. c3 Bg7 7. d4 exd4 8. cxd4 b5 9. Bc2 d6 10. h3 0-0 11. Bg5 h6 12. Be3 Qd7 13. Qd2 Kh7 14. d5 Ne5 15. Nxe5 dxe5 16. Bc5 g5 17. Nc3 Rg8 18. Bd1 Ng6 19. Bg4 Qd8 20. g3 Bf8 21. b4 Bd6 22. Nd1 Ne7 23. Ne3 Bd7 24. Rac1 f6 25. Rfd1 Be8 26. Be6 Rg7 27. Nf5 Nxf5 28. Bxf5+ Bg6 29. Bxg6+ Kxg6 30. Kg2 Rf7 31. Rc2 Kg7 32. Rdc1 Qd7 33. g4 h5 34. f3 Kg6 35. Bxd6 cxd6 36. Rc6 Rh7 37. Qf2 a5 38. Qb6 hxg4 39. fxg4 axb4 40. Qf2 Rf7 41. R1c2 Ra3 0-1

[Event "Oberliga Nord N 1314"]
[Site "Germany"]
[Date "2013.11.10"]
[Round "2.2"]
[White "Breyther, Ruediger"]
[Black "Knuth, Hannes"]
[Result "1-0"]
[WhiteElo "2320"]
[BlackElo "2341"]
[PlyCount "81"]
[EventDate "2013.10.13"]
[EventType "team-tourn"]
[EventRounds "9"]
[EventCountry "GER"]
[SourceTitle "EXT 2015"]
[Source "ChessBase"]
[SourceDate "2014.11.20"]
[SourceVersion "1"]
[SourceVersionDate "2014.11.20"]
[SourceQuality "1"]
[WhiteTeam "St Pauli"]
[BlackTeam "Schwerin"]
[WhiteTeamCountry "GER"]
[BlackTeamCountry "GER"]

1. e4 c5 2. Nf3 Nc6 3. d4 cxd4 4. Nxd4 Nf6 5. Nc3 d6 6. Bg5 e6 7. Qd2 Bd7 8. 0-0-0 a6 9. f3 h6 10. Be3 Qc7 11. Kb1 Rc8 12. g4 b5 13. Bd3 Ne5 14. h4 Nxd3 15. cxd3 g6 16. Rc1 Qb8 17. Nce2 h5 18. g5 Ng8 19. Qa5 e5 20. Rxc8+ Qxc8 21. Rc1 Qa8 22. Nc2 Be7 23. Nb4 Bd8 24. Bb6 f6 25. Bxd8 Qxd8 26. Qxa6 fxg5 27. Nd5 Nf6 28. Qxd6 Nxd5 29. Qxe5+ Kf7 30. Qxd5+ Be6 31. Qb7+ Kf6 32. e5+ Kxe5 33. Qg7+ Kd6 34. Nc3 Bf5 35. Nxb5+ Kd5 36. Qd4+ Ke6 37. Rc6+ Kf7 38. Rc7+ Ke6 39. Qb6+ Ke5 40. Qe3+ Kf6 41. hxg5# 1-0